K-pop: Red Velvet Members - Images - Statistics

General Stats
  • This quiz has been taken 14 times
  • The average score is 5 of 5
Answer Stats
Picture Answer % Correct
Irene
100%
Seulgi
92%
Wendy
92%
Yeri
92%
Joy
83%
No matching quizzes found
Score Distribution
Percent of People with Each Score
Percentile by Number Answered
Your Score History
You have not taken this quiz